Macroeconomic analysis/ (Record no. 12279)

MARC details
000 -LEADER
fixed length control field 00530nam a22002057a 4500
005 - DATE AND TIME OF LATEST TRANSACTION
control field 20250916091648.0
008 - FIXED-LENGTH DATA ELEMENTS--GENERAL INFORMATION
fixed length control field 250916b |||||||| |||| 00| 0 eng d
020 ## - INTERNATIONAL STANDARD BOOK NUMBER
International Standard Book Number 9789389292701
040 ## - CATALOGING SOURCE
Original cataloging agency IN-DiNC
Transcribing agency IN-DiNC
041 ## - LANGUAGE CODE
Language code of sung or spoken text English
082 ## - DEWEY DECIMAL CLASSIFICATION NUMBER
Classification number 339
Item number RAN
100 ## - MAIN ENTRY--PERSONAL NAME
Personal name Rana, KC
Relator term Author
245 ## - TITLE STATEMENT
Title Macroeconomic analysis/
Statement of responsibility, etc. by KC Rana and KN Verma
250 ## - EDITION STATEMENT
Edition statement 12th rep. ed.
260 ## - PUBLICATION, DISTRIBUTION, ETC.
Place of publication, distribution, etc. Jalandhar:
Name of publisher, distributor, etc. Vishal publishing,
Date of publication, distribution, etc. 2023.
300 ## - PHYSICAL DESCRIPTION
Extent 720p.
650 ## - SUBJECT ADDED ENTRY--TOPICAL TERM
Topical term or geographic name entry element Macroeconomics
700 ## - ADDED ENTRY--PERSONAL NAME
Personal name Verma, KN
942 ## - ADDED ENTRY ELEMENTS (KOHA)
Source of classification or shelving scheme Dewey Decimal Classification
Koha item type Books
Holdings
Withdrawn status Lost status Source of classification or shelving scheme Damaged status Not for loan Collection code Home library Current library Shelving location Date acquired Cost, normal purchase price Total Checkouts Full call number Barcode Date last seen Date last checked out Copy number Price effective from Koha item type
    Dewey Decimal Classification     Economics Central Library, Naharkatiya College Central Library, Naharkatiya College General Stacks 16/09/2025 535.00 1 339 RAN 30921 13/11/2025 30/10/2025 1 16/09/2025 Books
    Dewey Decimal Classification     Economics Central Library, Naharkatiya College Central Library, Naharkatiya College General Stacks 16/09/2025 535.00 3 339 RAN 30922 23/03/2026 20/03/2026 2 16/09/2025 Books

Naharkatiya College © 2020. All rights reserved.

Powered By